Haikyuu!! Fukurōdani Players - Statistics

General Stats
  • This quiz has been taken 5 times
  • The average score is 4 of 11
Answer Stats
Picture Hint Answer % Correct
Vice-Captain / Setter Keiji Akaashi
100%
Captain / Wing Spiker / Outside Hitter / Ace Kōtarō Bokuto
100%
Libero Haruki Komi
40%
Wing Spiker / Opposite Hitter Akinori Konoha
20%
Manager Kaori Suzumeda
20%
Setter Shūichi Anahori
20%
Middle Blocker Tatsuki Washio
20%
Middle Blocker Wataru Onaga
20%
Wing Spiker / Outside Hitter Yamato Sarukui
20%
Manager Yukie Shirofuku
20%
Coach Takeyuki Yamiji
0%
No matching quizzes found
Score Distribution
Percent of People with Each Score
Percentile by Number Answered
Your Score History
You have not taken this quiz